عرض عادي عرض مارك
  • Health Promotion

مدخل مصطلح موضوعي

عدد التسجيلات المستخدمة في: 1

001 - رقم الضبط

  • حقل الضبط: 11376

003 - معرف رقم الضبط

  • حقل الضبط: OSt

005 - تاريخ ووقت أخر عملية

  • حقل الضبط: 20120418050900.0

008 - عناصر بيانات ثابتة الطول

  • حقل تحكم ثابت الطول: 120418|||a|||||| | ||| d

040 ## - مصدر الفهرسة

  • هيئة الفهرسة الأصلية: OSt
  • وكالة الكتابة: OSt

150 ## - مدخل-- مصطلح تاريخي

  • عنصر مدخل المصطلح الموضوعي او الاسم الجغرافي: Health Promotion
  • تفريع شكلي: Handbooks.

670 ## - بيانات المصدر موجوده

  • الاستشهاد بالمصدر: Work cat.: (OSt)23820: Zimmermann, Michael, M.D. 11370, Pocket guide to micronutrients in health and disease /, 2001.